00000000nam##2200000za#4500
0019.570471
003CaOODSP
00520220302142613
007cr |||||||||||
008150406|2006||||xxc|||||o    f|0| 0 eng|d
040 |aCaOODSP|beng
043 |an-cn---
0861 |aIu182-2/2006-C-14E-PDF
1101 |aCanada. |bIndustry Canada. |bMicro-Economic Policy Analysis Branch.
24514|aThe role of labour market information for adjustment : |h[electronic resource]|binternational comparisons / |c[by] Andrew Sharpe, Sharon Qiao.
260 |aOttawa - Ontario : |bIndustry Canada.
300 |a106p.|bfig., graphs, references, tables
4901 |aSkills Research Initiative - Working paper series|v2006 C-14
546 |a(Résumé en français.)
590 |a12-10-Supp|b2012-03-23
7201 |aSharpe, Andrew
7201 |aQiao, Sharon
830#0|aSkills Research Initiative working paper series ;|v2006 C-14|w(CaOODSP)9.506390
85640|ahttp://publications.gc.ca|qPDF|s899 KB|uhttps://publications.gc.ca/collections/collection_2011/ic/Iu182-2-2006-C-14-eng.pdf|y2006 C-14
986 |aIC 60120